Učebné pomôcky smerujú na vývoz

Bibliographic Details
Main Authors: Bašťovanská, Thea (ain), Klemon, Viktor (Author, uin)
Format: Article
Language:Slovak
PhysicalDescription:Fotogr.
Subjects:

MARC

LEADER 00000nab a2200000 a 4500
001 vtls000677992
003 SK-MaSNL
005 20260305035200.0
008 180206c1998 xo 0 slo
015 |a SNBRB1998/11-24694 
035 |a CLN000030161 
040 |a SNKBUCL  |b slo  |c SNKBUCL  |e AACR2 
041 0 |a slo 
044 |a xo  |c SK 
080 |a 334.6:371.64/.69(437.6)  |2 UDC-MRF-SK2 
080 |a 371.64/.69  |2 UDC-MRF-SK2 
100 1 |a Bašťovanská, Thea  |4 ain  |9 267483 
245 1 0 |a Učebné pomôcky smerujú na vývoz  |c Viktor Klemon, Thea Bašťovanská 
300 |b Fotogr. 
610 7 |a Didaktik (Skalica, Slovensko)  |2 snkbucl  |9 1617553 
651 7 |a Skalica (Slovensko : okres)  |2 snkbucl  |9 13231 
655 7 |a články z novín a časopisov  |2 snkbucl  |9 267496 
700 1 |a Klemon, Viktor  |4 aut  |4 uin  |9 12182 
773 0 |t Výrobné družstevníctvo  |g Roč. 44, č. 22 (1998), s. 8-9 
850 |a Slovenská národná knižnica v Martine 
852 |a SNK  |b KIS3GCP 
958 |a RBX 
999 |c 3332521  |d 3334451